书目信息 |
| 题名: |
物流网络规划
|
|
| 作者: | 周跃进 , 陈国华 编著 | |
| 分册: | ||
| 出版信息: | 北京 清华大学出版社 2008 |
|
| 页数: | 13,318页 | |
| 开本: | 23cm | |
| 丛书名: | ||
| 单 册: | ||
| 中图分类: | F253.9 | |
| 科图分类: | ||
| 主题词: | 计算机网络--应用--物流--高等学校--教材 | |
| 电子资源: | ||
| ISBN: | 978-7-302-18454-6 | |
| 000 | 00974nam0 2200265 45 | |
| 001 | 1034529733 | |
| 005 | 20100319082429.57 | |
| 010 | @a978-7-302-18454-6@dCNY33.00 | |
| 100 | @a20100312d2008 em y0chiy0110 ea | |
| 101 | 0 | @achi |
| 102 | @aCN@b110000 | |
| 105 | @ay z 000yy | |
| 106 | @ar | |
| 200 | 1 | @a物流网络规划@AWu Liu Wang Luo Gui Hua@dPlanning of logistics networks@f周跃进,陈国华等编著@FZhou Yue Jin , Chen Guo Hua Deng Bian Zhu@zeng |
| 210 | @a北京@c清华大学出版社@d2008 | |
| 215 | @a13,318页@d23cm | |
| 300 | @a普通高等学校物流管理专业系列教材 | |
| 330 | @a本书内容包括:物流网络概述,设施选址,设施规划,搬运系统规划,仓储规划与设计,配送规划,宏观物流网络规划等。 | |
| 510 | 1 | @aPlanning of logistics networks@zeng |
| 606 | 0 | @a计算机网络@x应用@x物流@x高等学校@j教材 |
| 690 | @aF253.9@v4 | |
| 701 | 0 | @a周跃进@AZhou Yue Jin@4编著 |
| 701 | 0 | @a陈国华@AChen Guo Hua@4编著 |
| 801 | 0 | @aCN@bTANGWEI@c20100319 |
| 905 | @b0586004-06@dF253.9@e160@f3 | |
| 物流网络规划=Planning of logistics networks/周跃进,陈国华等编著.-北京:清华大学出版社,2008 |
| 13,318页;23cm |
| 普通高等学校物流管理专业系列教材 |
| ISBN 978-7-302-18454-6:CNY33.00 |
| 本书内容包括:物流网络概述,设施选址,设施规划,搬运系统规划,仓储规划与设计,配送规划,宏观物流网络规划等。 |
| ● |
| 相关链接 |
|
|
|
|
正题名:物流网络规划
索取号:F253.9/160
 
预约/预借
| 序号 | 登录号 | 条形码 | 馆藏地/架位号 | 状态 | 备注 |
| 1 | 0586004 | 205860040 | 第一样本阅览室/ [索取号:F253.9/160] | 在馆 | |
| 2 | 0586005 | 205860059 | 密集书库-海洋学院/ [索取号:F253.9/160] | 在馆 | |
| 3 | 0586006 | 205860068 | 第一借阅区/ [索取号:F253.9/160] | 在馆 |